Management communication : principles and practice /

Bibliographic Details
Main Author: Hattersley, Michael E
Other Authors: McJannet, Linda
Format: Book
Published: 2nd.ed.. McGraw-Hill, 2005.
Boston:
Subjects:
LEADER 00690cam a2200217 7i4500
001 0000049616
005 20151104090000.0
005 ##20151104163600.0
003 ##MY-KlINT
020 # # |a 0072883561  
039 # 9 |y 201511041636  |z VLOAD 
090 0 0 |a 658.45   |b HAT 
100 1 # |a Hattersley, Michael E 
245 0 0 |a Management communication :   |b principles and practice /   |c Michael E. Hattersley and Linda McJannet. 
260 # # |a 2nd.ed.. 
260 # # |a Boston:   |b McGraw-Hill,   |c 2005. 
300 # # |a xv,316p:   |b ill;   |c 24cm. 
500 # # |a Includes bibliographical reference & index 
650 # 0 |a Communication in management --   |x Case studies  
650 # 0 |a Communication in management  
700 0 # |a McJannet, Linda